| 000 | 02365cam a2200409 a 4500 | ||
|---|---|---|---|
| 001 | 82234 | ||
| 003 | BD-RjUL | ||
| 005 | 20231102120755.0 | ||
| 008 | 231102s1974 ir 000 0 perod | ||
| 035 | _a(BD-RjUL)82234 | ||
| 040 |
_aEYM _beng _cEYM _dOCLCG _dOCLCA _dOCLCQ _dOCLCO _dOCLCF _dOCLCO _dDLC |
||
| 041 | _aeng | ||
| 082 |
_223 _a305.235088297 _bKAQ 1974 |
||
| 100 | 1 |
_aKeikāvūs ebn-e-Eskandar ibn Qābūs, ʻUnṣur al-Maʻālī,کيکاووس بن اسکندر بن قابوس، عنصر المعالى،. _d1021 or 1022-1098 or 1099. _99877 |
|
| 245 | 1 | 0 |
_aگزيدۀ قابوسنامه / Guzīdah-ʼi Qābūsʹnāmah / _cنوشتۀ امير عنصر المعالي كيكاوس بن اسكندر بن قابوس بن وشمگير ؛ به كوشش غلام حسين يوسوفي., كيكاوس بن اسكندر بن قابوس، عنصر المعالي., يوسفي، غلام حسين. = nivishtah-ʼi Amīr onṣor al-Maʻālī Keikāvūs ebn-e- Eskandar ibn Qābūs ibn Washamgīr ; bih kūshish-i |
| 246 | 1 | 5 | _aGozide-ye Qābus-nāmeh |
| 246 | 1 | 5 | _aSelections from Qābus-nāmeh, a 5th Century A.H./11th Century A.D. text |
| 250 | _aChāp-i avval. | ||
| 260 |
_aTihrān :تهران _bShirkat-i Sahāmī-i Kitābhā-yi Jaybī, bā hamkārī-i Muʼassasah-ʼi Intishārāt-i Frānklīn,شرکت سهامى کتابهاى جيبى، با همکارى مؤسسۀ انتشارات فرانکلين= _c1353 [1974] |
||
| 300 |
_a29, 443 pages ; _c22 cm. |
||
| 490 | 0 |
_aMajmūʻah-ʼi Sukhan-i Pārsī ;مجموعۀ سخن پارسى ؛ _v9 |
|
| 500 | _aAdded t.p. in English: Gozide-ye Qābūs-nāmeh. | ||
| 500 | _a"Published ... in association with Franklin Book Programs." | ||
| 500 | _a"Tawz̤īḥāt": p. 335-443. | ||
| 500 | _aErrata slip inserted. | ||
| 500 | _aLibrary of Congress. Franklin Book Program Collection, no. P826. | ||
| 561 | _5DLC | ||
| 650 | 0 |
_aMuslim youth _xConduct of life. _99878 |
|
| 650 | 0 |
_aYouth _xConduct of life. _99879 |
|
| 650 | 0 |
_aEducation of princes. _99880 |
|
| 650 | 0 |
_aIslamic ethics _vEarly works to 1800. _9775 |
|
| 700 | 1 |
_aYūsofī, Gholām Ḥosein.يوسفى، غلام حسين. _99881 |
|
| 942 |
_2ddc _cBK |
||
| 999 |
_c82234 _d82234 |
||